Polacy w Bundeslidze - Statystyki

Ogólne statystyki
  • Ten quiz został rozwiązany 57 razy
  • Średni wynik to 5 z 15
Answers on the Grid
Answers color-coded by a green-red scale on the quiz's grid according to % correct below.
Ludovic Obraniak
Bartosz Karwan
Piotr Świerczewski
Łukasz Teodorczyk
Kamil Jóźwiak
Bartosz Bosacki
Damien Perquis
Tomasz Hajto
Tomasz Wałdoch
Bartłomiej Drągowski
Przemysław Tytoń
Rafał Gikiewicz
Artur Wichniarek
Adam Matysek
Łukasz Gikiewicz
Dariusz Dudka
Kamil Piątkowski
Marek Saganowski
Karol Linetty
Euzebiusz Smolarek
Arkadiusz Milik
Grzegorz Krychowiak
Jacek Bąk
Tomasz Frankowski
Jacek Krzynówek
Sebastian Boenisch
Bartosz Kapustka
Ireneusz Jeleń
Robert Warzycha
Paweł Wszołek
 
Statystyki odpowiedzi
Odpowiedź % Poprawnych
Tomasz Hajto
74%
Rafał Gikiewicz
53%
Artur Wichniarek
47%
Euzebiusz Smolarek
41%
Sebastian Boenisch
41%
Tomasz Wałdoch
41%
Jacek Krzynówek
35%
Arkadiusz Milik
29%
Adam Matysek
21%
Bartosz Karwan
18%
Ludovic Obraniak
18%
Bartosz Kapustka
15%
Paweł Wszołek
15%
Bartosz Bosacki
12%
Marek Saganowski
9%
Nie znaleziono quizów pasujących do podanych kryteriów
Rozkład punktacji
Procent ludzi z każdym wynikiem
Percentyl według liczby udzielonych odpowiedzi
Twoja historia wyników
Nie rozwiązałeś tego quizu